Normal view MARC view
  • Naila Yasmin

Entry Personal Name

Number of records used in: 2

001 - CONTROL NUMBER

  • control field: 10512

003 - CONTROL NUMBER IDENTIFIER

  • control field: NUST

005 - DATE AND TIME OF LATEST TRANSACTION

  • control field: 20180525040456.0

008 - FIXED-LENGTH DATA ELEMENTS

  • fixed length control field: 180525|| aca||aabn | a|a d

040 ## - CATALOGING SOURCE

  • Original cataloging agency: NUST
  • Transcribing agency: NUST

100 ## - HEADING--PERSONAL NAME

  • Personal name: Naila Yasmin

670 ## - SOURCE DATA FOUND

  • Source citation: Work cat.: (NUST)233573: Naila Yasmin, Spatial And Temporsl Analysis Of Winter Fog Over South Asia By Using Satellite Observations , 2016.
© 2023 Central Library, National University of Sciences and Technology. All Rights Reserved.